000 00394nam a2200157Ia 4500
008 221030s9999 xx 000 0 und d
020 _a818733634X
041 _aEnglish
082 _a105.23
_bKhi
100 _aS. M. Khilnani
245 0 _aAdvanced Dictionary of Science
_cby S. M. Khilnani
260 _bDominant Pub
_aNew Delhi
_c1999
300 _a250
650 _aDictionary
942 _cBK
999 _c6699
_d6699